| 000 -LEADER | |
|---|---|
| fixed length control field | 02752cam a22002898i 4500 |
| 001 - CONTROL NUMBER | |
| control field | 21463734 |
| 005 - DATE AND TIME OF LATEST TRANSACTION | |
| control field | 20250224105845.0 |
| 008 - FIXED-LENGTH DATA ELEMENTS--GENERAL INFORMATION | |
| fixed length control field | 200222s2020 flu b 001 0 eng |
| 010 ## - LIBRARY OF CONGRESS CONTROL NUMBER | |
| LC control number | 2019060108 |
| 020 ## - INTERNATIONAL STANDARD BOOK NUMBER | |
| International Standard Book Number | 9780815392613 |
| Qualifying information | (hardback) |
| 040 ## - CATALOGING SOURCE | |
| Original cataloging agency | LBSOR/DLC |
| Language of cataloging | eng |
| Description conventions | rda |
| Transcribing agency | DLC |
| 042 ## - AUTHENTICATION CODE | |
| Authentication code | pcc |
| 050 00 - LIBRARY OF CONGRESS CALL NUMBER | |
| Classification number | QA372 |
| Item number | .B6816 2020 |
| 082 00 - DEWEY DECIMAL CLASSIFICATION NUMBER | |
| Classification number | 515.352 |
| Edition information | 23 |
| 100 1# - MAIN ENTRY--PERSONAL NAME | |
| Personal name | Borzì, Alfio, |
| Relator term | author. |
| 9 (RLIN) | 5327 |
| 245 10 - TITLE STATEMENT | |
| Title | Modelling with ordinary differential equations : |
| Remainder of title | a comprehensive approach / |
| Statement of responsibility, etc. | Alfio Borzi. |
| 250 ## - EDITION STATEMENT | |
| Edition statement | First edition. |
| 263 ## - PROJECTED PUBLICATION DATE | |
| Projected publication date | 2004 |
| 260 #1 - PUBLICATION, DISTRIBUTION, ETC. | |
| Place of publication, distribution, etc. | Boca Raton : |
| Name of publisher, distributor, etc. | CRC Press, |
| Date of publication, distribution, etc. | 2020. |
| 300 ## - PHYSICAL DESCRIPTION | |
| Extent | pages cm. |
| 490 0# - SERIES STATEMENT | |
| Series statement | Chapman & Hall/CRC numerical analysis and scientific computing series |
| 504 ## - BIBLIOGRAPHY, ETC. NOTE | |
| Bibliography, etc. note | Includes bibliographical references and index. |
| 505 0# - FORMATTED CONTENTS NOTE | |
| Formatted contents note | Elementary solution methods for simple ODEs -- Theory of ordinary differential calculation -- Systems of oridinary differentail equations -- Ordinary differential equations of order n -- Stability of ODE systems -- Boundary and eigenvalue problems -- Numerical solution of ODE problems -- ODEs and the calculus of variations -- Optimal control of ODE models -- Inverse problems with ODE models -- Differential games -- Stochastic differential equations -- Neural networks and ODE problems. |
| 520 ## - SUMMARY, ETC. | |
| Summary, etc. | "Modelling with Ordinary Differential Equations: A Comprehensive Approach aims to provide a broad and self-contained introduction to the mathematical tools necessary to investigate and apply ODE models. The book starts by establishing the existence of solutions in various settings and analysing their stability properties. The next step is to illustrate modelling issues arising in the calculus of variation and optimal control theory that are of interest in many applications. This discussion is continued with an introduction to inverse problems governed by ODE models and to differential games. The book is completed with an illustration of stochastic differential equations and the development of neural networks to solve ODE systems. Many numerical methods are presented to solve the classes of problems discussed in this book. Features: Provides insight into rigorous mathematical issues concerning various topics, while discussing many different models of interest in different disciplines (biology, chemistry, economics, medicine, physics, social sciences, etc.) Suitable for undergraduate and graduate students and as an introduction for researchers in sciences and engineering Accompanied by MATLAB codes which allow the reader to apply the tools discussed in this book in those cases where analytical tools are not available"-- |
| Assigning source | Provided by publisher. |
| 650 #0 - SUBJECT ADDED ENTRY--TOPICAL TERM | |
| Topical term or geographic name entry element | Differential equations. |
| 9 (RLIN) | 1444 |
| 650 #0 - SUBJECT ADDED ENTRY--TOPICAL TERM | |
| Topical term or geographic name entry element | Mathematical models. |
| 9 (RLIN) | 1104 |
| Withdrawn status | Lost status | Source of classification or shelving scheme | Damaged status | Not for loan | Home library | Current library | Date acquired | Cost, normal purchase price | Total checkouts | Full call number | Barcode | Date last seen | Price effective from | Koha item type |
|---|---|---|---|---|---|---|---|---|---|---|---|---|---|---|
| Dewey Decimal Classification | KCST Library | KCST Library | 13/10/2021 | 32.40 | 515.352 Bo Mo | 1000000885 | 13/10/2021 | 13/10/2021 | Book |